MARC
| LEADER | 00000nam a22000007a 4500 | ||
|---|---|---|---|
| 008 | 180504b xxu||||| |||| 00| 0 fre d | ||
| 040 | |a cru BVZT | ||
| 090 | |a 840 V-16e | ||
| 100 | |a Verne, Jules |9 358 | ||
| 245 | |a Les enfants du capitaine Grant |c / Jules Verne ; Riou, ilustrador | ||
| 260 | |a Saint-German, París |b Hachette |c 1977 | ||
| 300 | |a 502 páginas |b il. | ||
| 546 | |a Español | ||
| 650 | 0 | |a LITERATURA FRANCESA |9 109 | |
| 650 | 0 | |a NOVELA |9 13 | |
| 942 | |2 z |c LIB |j LIB | ||
| 999 | |c 30857 |d 30857 | ||
